LEADER 01415oam 2200457 450 001 9910705469803321 005 20150604083050.0 035 $a(CKB)5470000002450687 035 $a(OCoLC)898882228 035 $a(EXLCZ)995470000002450687 100 $a20141229d2014 ua 0 101 0 $aeng 135 $aurmn||||||||| 181 $ctxt$2rdacontent 182 $cc$2rdamedia 183 $acr$2rdacarrier 200 00$aBy the numbers $ecutting carbon pollution from power plants 210 1$a[Research Triangle Park, N.C.] :$c[U.S. Environmental Protection Agency],$d[2014] 215 $a1 online resource (2 pages) 300 $aTitle from title screen (viewed Dec. 29, 2014). 517 $aBy the numbers 606 $aCarbon dioxide mitigation$zUnited States 606 $aClean energy investment$zUnited States 606 $aCarbon dioxide mitigation$2fast 606 $aClean energy investment$2fast 607 $aUnited States$2fast 615 0$aCarbon dioxide mitigation 615 0$aClean energy investment 615 7$aCarbon dioxide mitigation. 615 7$aClean energy investment. 712 02$aUnited States.$bEnvironmental Protection Agency, 801 0$bGPO 801 1$bGPO 801 2$bGPO 801 2$bCOO 801 2$bOCLCF 801 2$bGPO 906 $aBOOK 912 $a9910705469803321 996 $aBy the numbers$93437642 997 $aUNINA